Tự trắc nghiệm tiếng Anh bằng phương pháp mới : Tự trắc nghiệm cách dùng đúng tiếng Anh

Tự trắc nghiệm tiếng Anh bằng phương pháp mới được biên soạn dựa trên kết cấu và nội dung của tủ sách Test It. Đây là một tủ sách trình bày phương pháp mới để học tập tập và tự trắc nghiệm kiến thức Anh ngữ rất hiệu quả, giúp ba...

Ausführliche Beschreibung

Gespeichert in:
Bibliographische Detailangaben
1. Verfasser: Hoàng, Phương
Format: Buch
Sprache:Undetermined
Veröffentlicht: Thành phố Hồ Chí Minh Thanh Niên 2007
Schlagworte:
Tags: Tag hinzufügen
Keine Tags, Fügen Sie den ersten Tag hinzu!
Thư viện lưu trữ: Trung tâm Học liệu Trường Đại học Cần Thơ
LEADER 01244nam a2200229Ia 4500
001 CTU_123696
008 210402s9999 xx 000 0 und d
020 |c 19500 
082 |a 428.24 
082 |b Ph561 
100 |a Hoàng, Phương 
245 0 |a Tự trắc nghiệm tiếng Anh bằng phương pháp mới : 
245 0 |b Tự trắc nghiệm cách dùng đúng tiếng Anh 
245 0 |c Hoàng Phương 
260 |a Thành phố Hồ Chí Minh 
260 |b Thanh Niên 
260 |c 2007 
520 |a Tự trắc nghiệm tiếng Anh bằng phương pháp mới được biên soạn dựa trên kết cấu và nội dung của tủ sách Test It. Đây là một tủ sách trình bày phương pháp mới để học tập tập và tự trắc nghiệm kiến thức Anh ngữ rất hiệu quả, giúp bạn nhận biết các lỗi thường gặp trong cách dùng tiếng Anh và cách khắc phục chúng. 
650 |a English language,English language 
650 |x Textbook for foreign speakers,Writing 
904 |i Hiếu 
980 |a Trung tâm Học liệu Trường Đại học Cần Thơ